<?xml version="1.0" encoding="UTF-8"?>
<record
    xmlns:xsi="http://www.w3.org/2001/XMLSchema-instance"
    xsi:schemaLocation="http://www.loc.gov/MARC21/slim http://www.loc.gov/standards/marcxml/schema/MARC21slim.xsd"
    xmlns="http://www.loc.gov/MARC21/slim">

  <leader>01420nam0a22002771  4500</leader>
  <controlfield tag="001">v19\rc\1414823</controlfield>
  <controlfield tag="005">20260406105712.0</controlfield>
  <datafield tag="035" ind1=" " ind2=" ">
    <subfield code="a">(NLR Aleph) 005223533</subfield>
  </datafield>
  <datafield tag="090" ind1=" " ind2=" ">
    <subfield code="a">5530269</subfield>
    <subfield code="c">5530269</subfield>
  </datafield>
  <datafield tag="100" ind1=" " ind2=" ">
    <subfield code="a">20060512d1880    |||y0rusy50      ca</subfield>
  </datafield>
  <datafield tag="101" ind1="1" ind2=" ">
    <subfield code="a">rus</subfield>
    <subfield code="c">ger</subfield>
  </datafield>
  <datafield tag="102" ind1=" " ind2=" ">
    <subfield code="a">RU</subfield>
  </datafield>
  <datafield tag="105" ind1=" " ind2=" ">
    <subfield code="a">y   z   |||||</subfield>
  </datafield>
  <datafield tag="200" ind1="1" ind2=" ">
    <subfield code="a">&#x423;&#x447;&#x435;&#x43D;&#x438;&#x435; &#x43E; &#x43F;&#x438;&#x449;&#x435;&#x432;&#x430;&#x440;&#x435;&#x43D;&#x438;&#x438;</subfield>
    <subfield code="e">&#x412;&#x432;&#x435;&#x434;. &#x43A; &#x43A;&#x43B;&#x438;&#x43D;&#x438;&#x447;. &#x438;&#x437;&#x443;&#x447;. &#x431;&#x43E;&#x43B;&#x435;&#x437;&#x43D;&#x435;&#x439; &#x43F;&#x438;&#x449;&#x435;&#x432;&#x430;&#x440;. &#x43E;&#x440;&#x433;&#x430;&#x43D;&#x43E;&#x432;</subfield>
    <subfield code="e">12 &#x43B;&#x435;&#x43A;&#x446;&#x438;&#x439;, &#x447;&#x438;&#x442;. &#x432;&#x440;&#x430;&#x447;&#x430;&#x43C; &#x438; &#x441;&#x442;&#x443;&#x434;&#x435;&#x43D;&#x442;&#x430;&#x43C; &#x432;&#x44B;&#x441;&#x448;. &#x43A;&#x443;&#x440;&#x441;&#x43E;&#x432; &#x432;&#x442;&#x435;&#x447;&#x435;&#x43D;&#x438;&#x438; [!] &#x437;&#x438;&#x43C;&#x43D;&#x435;&#x433;&#x43E; &#x441;&#x435;&#x43C;&#x435;&#x441;&#x442;&#x440;&#x430; 1878-1879 &#x430;&#x43A;&#x430;&#x434;. &#x433;. &#x434;-&#x440;&#x43E;&#x43C; &#x41A;.&#x410;. &#x42D;&#x432;&#x430;&#x43B;&#x44C;&#x434;&#x43E;&#x43C;, &#x434;&#x43E;&#x446;. &#x43F;&#x440;&#x438; &#x41A;&#x43E;&#x440;&#x43E;&#x43B;. &#x443;&#x43D;-&#x442;&#x435; &#x432; &#x411;&#x435;&#x440;&#x43B;&#x438;&#x43D;&#x435;</subfield>
    <subfield code="f">&#x41F;&#x435;&#x440;. &#x441; &#x43D;&#x435;&#x43C;. &#x43F;&#x43E;&#x434; &#x440;&#x435;&#x434;. &#x43F;&#x440;&#x43E;&#x444;. &#x418;&#x43C;&#x43F;. &#x41C;&#x435;&#x434;.-&#x445;&#x438;&#x440;&#x443;&#x440;&#x433;. &#x430;&#x43A;&#x430;&#x434;. &#x418;.&#x420;. &#x422;&#x430;&#x440;&#x445;&#x430;&#x43D;&#x43E;&#x432;&#x430;</subfield>
  </datafield>
  <datafield tag="210" ind1=" " ind2=" ">
    <subfield code="a">&#x421;&#x430;&#x43D;&#x43A;&#x442;-&#x41F;&#x435;&#x442;&#x435;&#x440;&#x431;&#x443;&#x440;&#x433;</subfield>
    <subfield code="c">&#x442;&#x438;&#x43F;. &#x414;&#x435;&#x43F;. &#x443;&#x434;&#x435;&#x43B;&#x43E;&#x432;</subfield>
    <subfield code="d">1880</subfield>
  </datafield>
  <datafield tag="215" ind1=" " ind2=" ">
    <subfield code="a">[6], IV, 200, III &#x441;.</subfield>
    <subfield code="d">17</subfield>
  </datafield>
  <datafield tag="700" ind1=" " ind2="1">
    <subfield code="8">rus</subfield>
    <subfield code="7">ca</subfield>
    <subfield code="a">&#x42D;&#x432;&#x430;&#x43B;&#x44C;&#x434;</subfield>
    <subfield code="b">&#x41A;. &#x410;.</subfield>
    <subfield code="f">1845-1915</subfield>
    <subfield code="g">&#x41A;&#x430;&#x440;&#x43B; &#x410;&#x43D;&#x442;&#x43E;&#x43D;</subfield>
    <subfield code="3">RU\NLR\AUTH\7715786</subfield>
    <subfield code="9">125434</subfield>
  </datafield>
  <datafield tag="702" ind1=" " ind2="1">
    <subfield code="4">340</subfield>
    <subfield code="8">rus</subfield>
    <subfield code="7">ca</subfield>
    <subfield code="a">&#x422;&#x430;&#x440;&#x445;&#x430;&#x43D;&#x43E;&#x432;</subfield>
    <subfield code="b">&#x418;. &#x420;.</subfield>
    <subfield code="f">1846-1908</subfield>
    <subfield code="g">&#x418;&#x432;&#x430;&#x43D; &#x420;&#x430;&#x43C;&#x430;&#x437;&#x43E;&#x432;&#x438;&#x447;</subfield>
    <subfield code="3">RU\NLR\AUTH\77102811</subfield>
    <subfield code="9">85737</subfield>
  </datafield>
  <datafield tag="801" ind1=" " ind2="0">
    <subfield code="a">RU</subfield>
    <subfield code="b">NLR</subfield>
    <subfield code="c">20060512</subfield>
    <subfield code="g">psbo</subfield>
  </datafield>
  <datafield tag="801" ind1=" " ind2="0">
    <subfield code="a">RU</subfield>
    <subfield code="b">RuMoRGB</subfield>
    <subfield code="c">20060512</subfield>
    <subfield code="2">psbo</subfield>
  </datafield>
  <datafield tag="801" ind1=" " ind2="1">
    <subfield code="a">RU</subfield>
    <subfield code="b">ProSoft-M</subfield>
    <subfield code="c">20060512</subfield>
    <subfield code="2">rusmarc</subfield>
  </datafield>
  <datafield tag="801" ind1=" " ind2="2">
    <subfield code="a">RU</subfield>
    <subfield code="b">NLR</subfield>
    <subfield code="c">20111109</subfield>
    <subfield code="2">rusmarc</subfield>
  </datafield>
  <datafield tag="852" ind1=" " ind2=" ">
    <subfield code="a">NLR</subfield>
    <subfield code="j">18.21.9.63</subfield>
  </datafield>
  <datafield tag="852" ind1=" " ind2=" ">
    <subfield code="a">NLR</subfield>
    <subfield code="j">128/105</subfield>
  </datafield>
  <datafield tag="942" ind1=" " ind2=" ">
    <subfield code="c">BOOK</subfield>
  </datafield>
  <datafield tag="980" ind1=" " ind2=" ">
    <subfield code="a">NB</subfield>
  </datafield>
  <datafield tag="995" ind1=" " ind2=" ">
    <subfield code="5">2013-10-26</subfield>
    <subfield code="b">NLR02</subfield>
    <subfield code="c">NLR02</subfield>
    <subfield code="e">RFS</subfield>
    <subfield code="f">5223533-10</subfield>
    <subfield code="k">18.21.9.63</subfield>
    <subfield code="o">0</subfield>
    <subfield code="r">BOOK</subfield>
    <subfield code="s">1821963_</subfield>
  </datafield>
  <datafield tag="995" ind1=" " ind2=" ">
    <subfield code="5">2013-10-26</subfield>
    <subfield code="b">NLR02</subfield>
    <subfield code="c">NLR02</subfield>
    <subfield code="e">RFS</subfield>
    <subfield code="f">5223533-20</subfield>
    <subfield code="k">128/105</subfield>
    <subfield code="o">0</subfield>
    <subfield code="r">BOOK</subfield>
    <subfield code="s">128105_</subfield>
  </datafield>
</record>
